000 01954cam a2200445 i 4500
001 3093
003 FISKH
005 20240221104343.0
008 190626s2019 caua j 6 000 1 eng d
010 _a 2019295027
020 _a9781684152933
_q(paperback)
020 _a1684152933
_q(paperback)
035 _a(OCoLC)on1048435833
040 _aYDX
_beng
_cYDX
_erda
_dBDX
042 _alccopycat
050 0 0 _aPZ7.7
_b.A2953 2019
082 0 0 _a741.5/973
_223
100 _aNorth, Ryan
245 0 0 _aAdventure time /
_ccreated by Pendleton Ward ; Written by Ryan North ; Illustratred by Shelli Paroline and Braden Lamb
260 _aLos Angeles :
_bKaboom,
_c2012
300 _a116 unnumbered pages :
_bcolor illustrations ;
_c23 cm
336 _atext
_btxt
_2rdacontent
336 _astill image
_bsti
_2rdacontent
337 _aunmediated
_bn
_2rdamedia
338 _avolume
_bnc
_2rdacarrier
500 _aOriginally published in single magazine form as Adventure Time no. 5-8, 31-34; Adventure Time Comics no. 10, 13, 15, 17; Adventure Time 2013 Annual no. 1; Adventure Time 2013 Summer Special no. 1; and Adventure Time 2014 Winter Special no. 1.
520 _a"Embark on the most mathematical journey imaginable by diving into tales all about our favorite human in the land of Ooo. From playing retro board games to facing down foes, Adventure Time: Finn collects all the stories that made the Eisner Award-winning series perfect for any fan of the show"--
521 8 _a490
_bLexile estimate
521 8 _aJ
_bRaz-Plus
650 1 _aGraphic novels.
650 1 _aFantasy.
655 0 _aGraphic novels.
700 1 _aNorth, Ryan,
_d1980-
_ewriter.
700 1 _aParoline, Shelli,
_eillustrator.
700 1 _aLamb, Braden,
_eillustrator.
700 1 _aWard, Pendleton,
_d1982-
_ecreator.
730 0 _aAdventure time (Television program)
906 _a7
_bcbc
_ccopycat
_d2
_encip
_f20
_gy-gencatlg
942 _2ddc
_cBK
_n0
999 _c3093
_d3093